| 000 -LEADER |
| fixed length control field |
00433pab a2200157 454500 |
| 008 - FIXED-LENGTH DATA ELEMENTS--GENERAL INFORMATION |
| fixed length control field |
180718b2003 xxu||||| |||| 00| 0 eng d |
| 100 ## - MAIN ENTRY--PERSONAL NAME |
| Personal name |
Jelen, Ted G. |
| 245 ## - TITLE STATEMENT |
| Title |
Causes and consequences of public attitudes toward abortion: a review and research agenda |
| 260 ## - PUBLICATION, DISTRIBUTION, ETC. |
| Date of publication, distribution, etc. |
2003 |
| 300 ## - PHYSICAL DESCRIPTION |
| Extent |
p.489-500. |
| 362 ## - DATES OF PUBLICATION AND/OR SEQUENTIAL DESIGNATION |
| Dates of publication and/or sequential designation |
Dec |
| 650 ## - SUBJECT ADDED ENTRY--TOPICAL TERM |
| Topical term or geographic name entry element |
Abortion |
| 700 ## - ADDED ENTRY--PERSONAL NAME |
| Personal name |
Wilcox, Clyde |
| 773 ## - HOST ITEM ENTRY |
| Main entry heading |
Political Research Quarterly |
| 909 ## - |
| -- |
59522 |